Marcas - Statistics

Estatísticas Gerais
  • Esse quiz foi jogado 293 vezes
  • A pontuação média é 13 de 15
Estatísticas das Respostas
Hint Resposta % Correto
Calvin Klein Estados Unidos
99%
Nike Estados Unidos
99%
Guess Estados Unidos
99%
McDonald's Estados Unidos
99%
Carolina Herrera Estados Unidos
99%
Puma Alemanha
88%
Nestlé Suíça
83%
Swatch Suíça
83%
Pepe jeans Espanha
81%
Springfield Espanha
81%
Danone Espanha
81%
Tous Espanha
81%
Primark Espanha
81%
Pandora Dinamarca
51%
Swarowsky Áustria
47%
Nenhum quiz correspondente encontrado
Distribuição das Pontuações
Porcentagem de Pessoas com Cada Pontuação
Percentil de Números Respondidos
Sua Pontuação Histórica
Você não jogou esse quiz